00535nam a2200181 a 4500001001300000003000900013005001700022008004100039020000800080082001700088100002300105245008100128260004400209300000900253500003500262505003300297700002300330nice12345678IN_TiNIC20260116013544.0050524s2001 kaua grp 000 0 eng  ac000a297.4bABD12 aAbdullah, Mohammad aIslamic Mysticism Shariah and Tariqahb Tasawwuf(sufism) from Quran and Hadi aKaulalumpurbSynergy Publicationsc2001 a156p aincludes index and biblioraphy2 aSelected Bibliography, Index1 aAbdullah, Mohammad